| 000 | 00000nam##2200000za#4500 |
| 001 | 9.646367 |
| 003 | CaOODSP |
| 005 | 20200330125946 |
| 007 | ta |
| 008 | 150407|1996||||xxc||||| f|0| 0 eng|d |
| 020 | |a0-662-25172-5 |
| 040 | |aCaOODSP|beng |
| 043 | |an-cn--- |
| 086 | 1 |aH46-2/96-206E |
| 110 | 1 |aCanada.|bHealth Canada. |bEnvironmental Health Directorate. |
| 245 | 12|aA one-year survey of halogenated disinfection by-products in the distribution system of treatment plants using three different disinfection processes / |cby Guy L. Lebel et al. |
| 260 | |aOttawa - Ontario : |bHealth Canada. |c1996. |
| 300 | |a59p. : |bfigs., graphs, references, tables ; |c28 cm. |
| 500 | |a"This study examined disinfection by-product (DBP) concentrations in drinking water as a function of treatment practice, season and location in the distribution system of three water treatment plants that applied different treatment processes (chlorine-chloramine, chlorine-chlorine, ozone-chlorine)."--Summary. |
| 520 | 3 |aThis study examined disinfection by-product (DBP) concentrations in drinking water as a function of treatment practice, season and location in the distribution system of three water treatment plants that applied different treatment processes (chlorine-chloramine, chlorine-chlorine, ozone-chlorine).--Summary |
| 590 | |a97-04|b1997-01-24 |
| 720 | 1 |aLebel, Guy L. |
| 775 | 08|tÉtude d'un an sur les sous-produits de désinfection halogénés dans le réseau de distribution d'usines de traitement utilisant trois différents procédés de désinfection / |w(CaOODSP)9.679919 |
| 776 | 0#|tA one-year survey of halogenated disinfection by-products in the distribution system of treatment plants using three different disinfection processes / |w(CaOODSP)9.695391 |
| 986 | |a96-EHD-206 |